Statistics for Solo: A Star Wars Story A-Z

Click here to take the quiz!

General Stats

  • This quiz has been taken 7 times
  • The average score is 11 of 24

Answer Stats

HintAnswer% Correct
CA criminal syndicate led by the former Sith Lord MaulCrimson Dawn
100%
HHuman who gets the surname "Solo" from an Imperial recruitment officerHan Solo
100%
KA planet that hosts spice minesKessel
100%
QHuman female from the planet CorelliaQi'ra
86%
THuman male professional thief and gunslingerTobias Beckett
86%
DThe public face of the crime syndicate mentioned aboveDryden Vos
71%
EHuman who leads the Cloud-Riders gangEnfys Nest
57%
PA spice trafficking crime syndicate is composed of this speciesPyke
57%
UThe protagonists are on a mission to steal...{Unrefined} Coaxium
57%
LPiloting droid who accompanies Lando CalrissianL3-37
43%
MA swamp planet where Mudtroopers faughtMimban
43%
IMargo is a member of this speciesImroosian
29%
OGlaucus is a member of this one-eyed speciesOcteroid
29%
RSpecialized variant of stormtrooper equipped with magnetic gription bootsRange Trooper
29%
SGigantic, space-faring species with numerous eyes and electrified tentaclesSumma-verminoth
29%
VA cold frontier planetVandor
29%
WCriminal organization led by Lady ProximaWhite Worms
29%
Y"First Light" is the name of a Nau'ur-class...Yacht
29%
AA cluster of matter containing interstellar gas, carbonbergs, ice chunks, and other large debrisAkkadese Maelstrom
14%
BMember of the Tognath species who is part of the Cloud-Riders gangBenthic
14%
GMember of the Sabat species who is part of the Cloud-Riders gangGelan Yees
14%
NA jungle planet where Lando Calrissian lost the Millennium Falcon in a game of sabaccNumidian Prime
14%
FA snowy mountain village on the cold frontier planetFort Ypso
0%
XA human male Imperial officer who was part of the 224th Imperial Armored DivisionXodell
0%

Score Distribution

Percentile by Number Answered

Percent of People with Each Score

Your Score History

You have not taken this quiz